| 000 | 00742nam a2200205Ia 4500 | ||
|---|---|---|---|
| 003 | GCL | ||
| 008 | 140319s9999 xx 000 0 ara d | ||
| 040 |
_aGCL / _cGCL |
||
| 082 | 0 | 4 |
_a240 _bا د |
| 100 | 1 | _aابن تيمية : شهاب الدين ابوالمحاسن عبدالحليم | |
| 245 | 1 | 0 |
_aالرسالة التدمرية فى التوحيد والاسماء والصفات والقضاء والقدر / _cابن تيمية : شهاب الدين ابوالمحاسن عبدالحليم |
| 260 |
_a[S.N] : _bمكتبة التراث الاسلامى |
||
| 300 | _a116 ص | ||
| 490 | _a | ||
| 650 | 0 | 4 | _aالتوحيد |
| 650 | 0 | 4 | _aالاحاديث |
| 650 | 0 | 4 | _aالصفات |
| 650 | 0 | 4 | _aالاسماء |
| 942 |
_2ddc _cBK |
||
| 999 |
_c53856 _d53856 |
||